The microbiology of the atmosphere / (Record no. 72781)
[ view plain ]
| 000 -LEADER | |
|---|---|
| fixed length control field | 00864nam a2200289 a 4500 |
| 001 - CONTROL NUMBER | |
| control field | 72781 |
| 003 - CONTROL NUMBER IDENTIFIER | |
| rucl marc code | BD-RjUL |
| 005 - DATE AND TIME OF LATEST TRANSACTION | |
| control field | 20211209082317.0 |
| 008 - FIXED-LENGTH DATA ELEMENTS--GENERAL INFORMATION | |
| fixed length control field | 170523s1973 enka b 001 0 eng d |
| 020 ## - INTERNATIONAL STANDARD BOOK NUMBER | |
| International Standard Book Number | 0249441101 |
| 035 ## - SYSTEM CONTROL NUMBER | |
| System control number | (BD-RjUL)72999 |
| 040 ## - CATALOGING SOURCE | |
| Original cataloging agency | DLC |
| Transcribing agency | DLC |
| Modifying agency | BD-RjUL |
| Language of cataloging | eng |
| 041 ## - LANGUAGE CODE | |
| Language code of text/sound track or separate title | eng |
| 082 00 - DEWEY DECIMAL CLASSIFICATION NUMBER | |
| Edition number | 23 |
| Classification number | 579.17 |
| Author mark and year | GRM 1973 |
| 100 1# - MAIN ENTRY--PERSONAL NAME | |
| Personal name | Gregory, Philip Herries. |
| 9 (RLIN) | 214705 |
| 245 14 - TITLE STATEMENT | |
| Title | The microbiology of the atmosphere / |
| Statement of responsibility, etc. | [by] P. H. Gregory. |
| 250 ## - EDITION STATEMENT | |
| Edition statement | 2nd ed. |
| 260 ## - PUBLICATION, DISTRIBUTION, ETC. (IMPRINT) | |
| Place of publication, distribution, etc. | London : |
| Name of publisher, distributor, etc. | L. Hill, |
| Date of publication, distribution, etc. | 1973. |
| 300 ## - PHYSICAL DESCRIPTION | |
| Pagination | xxi, 377p. : |
| Illustrations | ill. ; |
| Size | 24 cm. |
| 504 ## - BIBLIOGRAPHY, ETC. NOTE | |
| Bibliography, etc | Includes bibliography: (p. 309-346) and indexes. |
| 650 #0 - SUBJECT ADDED ENTRY--TOPICAL TERM | |
| Topical term or geographic name as entry element | Air |
| General subdivision | Microbiology. |
| 9 (RLIN) | 215278 |
| Topical term or geographic name as entry element | Palynology. |
| 9 (RLIN) | 215279 |
| 830 ## - SERIES ADDED ENTRY--UNIFORM TITLE | |
| Uniform title | Plant science monographs. |
| 942 ## - ADDED ENTRY ELEMENTS (KOHA) | |
| Source of classification or shelving scheme | Dewey Decimal Classification |
| Koha item type | Books |
| Lost status | Source of classification or shelving scheme | Damaged status | Not for loan | Collection code | Permanent Location | Current Location | Shelving location | Date acquired | Source of acquisition | Cost, normal purchase price | Total Checkouts | Full call number | Date last seen | Copy number | Koha item type |
|---|---|---|---|---|---|---|---|---|---|---|---|---|---|---|---|
| Dewey Decimal Classification | Not For Loan | Non-fiction | Central Library, University of Rajshahi | Central Library, University of Rajshahi | Reading Room | 05/06/1975 | Johnathan Wren & Co. | 7.50 | 579.17 GRM 1973 | 23/05/2017 | C-1 | Books |